000 00688nam a2200193 a 4500
005 20230419063526.0
008 991125s1994 mx 000 0 spa u
035 _aUPN01000023979
049 _aLT
050 4 _aLB1683 M6.2
_bE96
245 0 0 _aExpresión y apreciación artística II :
_bmúsica y danza /
_cSilvino Jaramillo Osorio ... [et al.].
260 _aMéxico :
_bGrafo Print,
_c1994.
300 _a80 p. :
_bil.
650 2 _aApreciación del arte
_9903
650 4 _aDANZA (EN RELIGION, FOLKLORE, ETC.) -
_xESTUDIO Y ENSEÑANZA (ELEMENTAL)
_912924
650 4 _aMúsica
_xEstudio y enseñanza (Elemental)
_91540
700 1 _aJaramillo Osorio, Silvino,
_ecoaut.
905 _aLibro
999 _c23979
_d23979